<?xml version="1.0" encoding="UTF-8"?>
<collection xmlns="http://www.loc.gov/MARC21/slim">
 <record>
  <leader>01498nam a2200241Ia 4500</leader>
  <controlfield tag="001">TDMU_14828</controlfield>
  <controlfield tag="008">210410s9999    xx            000 0 und d</controlfield>
  <datafield tag="082" ind1=" " ind2=" ">
   <subfield code="a">863</subfield>
  </datafield>
  <datafield tag="090" ind1=" " ind2=" ">
   <subfield code="b">S100</subfield>
  </datafield>
  <datafield tag="100" ind1=" " ind2=" ">
   <subfield code="a">Saavedra, Miguel De Cervante</subfield>
  </datafield>
  <datafield tag="245" ind1=" " ind2="0">
   <subfield code="a">Đôn Kihôtê nhà quý tộc tài ba xứ Mantra</subfield>
  </datafield>
  <datafield tag="245" ind1=" " ind2="0">
   <subfield code="b">El Ingenioso Hidalgo Don Quijote de la Mancha</subfield>
  </datafield>
  <datafield tag="245" ind1=" " ind2="0">
   <subfield code="c">Miguel De Cervantes Saavedra; Trương Đắc Vỵ dịch và giới thiệu</subfield>
  </datafield>
  <datafield tag="245" ind1=" " ind2="0">
   <subfield code="n">T.2</subfield>
  </datafield>
  <datafield tag="260" ind1=" " ind2=" ">
   <subfield code="a">H.</subfield>
  </datafield>
  <datafield tag="260" ind1=" " ind2=" ">
   <subfield code="b">Văn học</subfield>
  </datafield>
  <datafield tag="260" ind1=" " ind2=" ">
   <subfield code="c">2010</subfield>
  </datafield>
  <datafield tag="300" ind1=" " ind2=" ">
   <subfield code="a">691tr.</subfield>
  </datafield>
  <datafield tag="520" ind1=" " ind2=" ">
   <subfield code="a">Dịch từ nguyên bản tiếng Tây Ban Nha El Ingenioso Hidalgo Don Quijote de la Mancha, 1968; Câu chuyện có phần mang tính hài hước. Qua hình ảnh nhân vật chính Đôn Kihôtê có tính cách vừa gàn dở vừa tế nhị, yêu quý tự do, trọng đạo lý, tác giả chế giễu những tàn dư của lý tưởng hiệp sĩ phiêu lưu thời phong kiến, đả kích thị hiếu tầm thường và khát khao hướng đến một xã hội công bằng và nhân đạo hơn.</subfield>
  </datafield>
  <datafield tag="650" ind1=" " ind2=" ">
   <subfield code="a">Tiểu thuyết Tây Ban Nha; Văn học Tây Ban Nha</subfield>
   <subfield code="x">Tiểu thuyết xã hội Tây Ban Nha</subfield>
  </datafield>
  <datafield tag="700" ind1=" " ind2=" ">
   <subfield code="a">Trương, Đắc Vỵ</subfield>
  </datafield>
  <datafield tag="856" ind1=" " ind2=" ">
   <subfield code="u">http://lrc.tdmu.edu.vn/opac/search/detail.asp?aID=2&amp;ID=14828</subfield>
  </datafield>
  <datafield tag="980" ind1=" " ind2=" ">
   <subfield code="a">Trung tâm Học liệu Trường Đại học Thủ Dầu Một</subfield>
  </datafield>
 </record>
</collection>
